Ivan le terrible: le premier tsar
Zapisane w:
| 1. autor: | |
|---|---|
| Format: | Książka |
| Język: | francuski |
| Wydane: |
París
Payot
1933
|
| Seria: | Bibliothèque Historique
|
| Hasła przedmiotowe: | |
| Etykiety: |
Dodaj etykietę
Nie ma etykietki, Dołącz pierwszą etykiete!
|
MARC
| LEADER | 00000nam a2200000 a 4500 | ||
|---|---|---|---|
| 001 | UCO1682 | ||
| 003 | CL-VaPUC | ||
| 008 | 000519e19330000FR |||||||||||||||||fre|d | ||
| 082 | 0 | 4 | |a 947.043 |b GRA |2 21 |
| 100 | 0 | |a Graham, Stephen |e author |9 444112 | |
| 245 | 1 | 0 | |a Ivan le terrible: le premier tsar |
| 300 | |a 237 p | ||
| 942 | |c BK | ||
| 945 | |d 20000519 00:00:00 |a rherrera | ||
| 260 | |a París |b Payot |c 1933 | ||
| 600 | 0 | 7 | |a IVAN EL TERRIBLE |2 CL-VaPUC |9 444093 |
| 650 | 7 | |a HISTORIA DE RUSIA 1533-1598 |2 CL-VaPUC |9 444113 | |
| 650 | 0 | |a Zares |9 438166 | |
| 650 | 0 | |a Biografías |9 255210 | |
| 651 | 0 | |a Rusia |9 256106 | |
| 583 | |a last modification |c 20120830 09:59:32 |k Rodrigo Vera | ||
| 490 | 0 | |a Bibliothèque Historique | |
| 999 | |c 288286 |d 288284 | ||
| 952 | |0 0 |1 0 |4 0 |6 947_043000000000000_GRA_1933 |7 0 |8 X |9 335868 |a BIBHIS |b BIBHIS |d 2019-11-20 |i 128245K |o 947.043 GRA 1933 |p 128245K |r 2024-01-30 |w 2019-11-20 |y BK_X |k HIS | ||